000 00809nam a2200253Ia 4500
003 OSt
005 20220923211151.0
006 a|||||r|||| 00| 0
007 ta
008 Pun
020 _a81876541309 (hbk)
_c200
024 _a244,062
037 _b198, 08/10/2010, H.K. Prakashan
_cTextual
040 _aARTS
_cARTS
_bPun
041 _2Pun
_aPun
082 _aO153,3NBHx, P8
100 _aਭਾਗਰ, ਅਪਾਰ ਸਿੰਘ
_9159028
245 0 _aਜੀਵਨ ਹਾਦਸੇ
260 _aਦਿੱਲੀ
_b ਮਨਪ੍ਰੀਤ ਪ੍ਰਕਾFਨ
_c2008
300 _a144ਪੰ
_ccm.
650 _aਪੰਜਾਬੀ ਸਾਹਿਤ
942 _hO153,3NBHx, P8
_cTEXL
_2CC
999 _c296240
_d296240